000 00740cam a22002533a 4500
001 28069
003 PGUSA
005 20140828083615.0
008 090214s2009||||xxu|||||s|||||000 1 eng d
040 _aPGUSA
_beng
042 _adc
050 4 _aPS
100 1 _aBangs, John Kendrick,
_d1862-1922
245 1 0 _aAlice in Blunderland :
_bAn Iridescent Dream
_h[electronic resource] /
_cJohn Kendrick Bangs
260 _bProject Gutenberg,
_c2009
506 _aPublic domain in the USA.
516 _aElectronic text
653 _aMunicipal ownership -- Fiction
653 _aFantasy
700 1 _aLevering, Albert,
_d1869-1929
830 0 _aProject Gutenberg
_v28069
856 4 0 _uhttp://www.gutenberg.org/ebooks/28069
942 _cEB
999 _c257324
_d257324